书目信息 |
| 题名: |
我的阿勒泰
|
|
| 作者: | 李娟 著 | |
| 分册: | ||
| 出版信息: | 昆明 云南人民出版社 2010.05 |
|
| 页数: | 260页 | |
| 开本: | 20cm | |
| 丛书名: | ||
| 单 册: | ||
| 中图分类: | I267 | |
| 科图分类: | ||
| 主题词: | 散文--中国 , 散文--作品综合集--中国 | |
| 电子资源: | ||
| ISBN: | 7-222-06541-5 | |
| 000 | 00575nam0 2200205 450 | |
| 001 | 2635714213 | |
| 005 | 20260414095826.82 | |
| 010 | @a7-222-06541-5@dCNY22.00 | |
| 100 | @a20260414d2010 km y0chiy0120 ea | |
| 101 | 0 | @achi |
| 102 | @aCN@b530000 | |
| 200 | 1 | @a我的阿勒泰@AWo De A Le Tai@f李娟著@FLi Juan Zhu |
| 210 | @a昆明@c云南人民出版社@d2010.05 | |
| 215 | @a260页@d20cm | |
| 606 | 0 | @a散文@x中国 |
| 606 | 0 | @a散文@x作品综合集@x中国 |
| 690 | @aI267@v4 | |
| 701 | 0 | @a李娟@ALi Juan@4著 |
| 801 | 0 | @aCN@b大连网信软件有限公司图书馆·11@c20260414 |
| 905 | @aZUCC@dI267@e4922 | |
| 我的阿勒泰/李娟著.-昆明:云南人民出版社,2010.05 |
| 260页;20cm |
| ISBN 7-222-06541-5:CNY22.00 |
| ● |
| 相关链接 |
|
|
|
|
正题名:我的阿勒泰
索取号:I267/4922
 
预约/预借
| 序号 | 登录号 | 条形码 | 馆藏地/架位号 | 状态 | 备注 |